<The> Role of humour in teaching process
Humor ako dôležitý učebný nástroj na upevnenie vzťahu medzi študentom a učiteľom, ktorý robí vyučovanie zaujímavejším, znižuje napätie a stres a v niektorých prípadoch zvyšuje schopnosť zapamätať si učebnú látku. Taktiež ovplyvňuje študijné výsledky a celkovú atmosféru študijného prostredia.
Salvato in:
| Autore principale: | |
|---|---|
| Natura: | Capitolo di libro |
| Lingua: | inglese |
| Soggetti: | |
| Tags: |
Nessun Tag, puoi essere il primo ad aggiungerne!!
|
MARC
| LEADER | 00000nla$a2200000$$$4500 | ||
|---|---|---|---|
| 001 | 0113640 | ||
| 005 | 20240502072249.8 | ||
| 041 | 0 | |a eng | |
| 044 | |a SK | ||
| 245 | 1 | 0 | |a <The> Role of humour in teaching process |c Mária Sztuková |
| 520 | |a Humor ako dôležitý učebný nástroj na upevnenie vzťahu medzi študentom a učiteľom, ktorý robí vyučovanie zaujímavejším, znižuje napätie a stres a v niektorých prípadoch zvyšuje schopnosť zapamätať si učebnú látku. Taktiež ovplyvňuje študijné výsledky a celkovú atmosféru študijného prostredia. | ||
| 610 | 2 | 0 | |a vzdelávanie |
| 610 | 2 | 0 | |a vyučovanie |
| 610 | 2 | 0 | |a učitelia |
| 610 | 2 | 0 | |a študenti |
| 610 | 2 | 0 | |a komunikácia |
| 610 | 2 | 0 | |a humor |
| 100 | 1 | |a Sztuková, Mária | |